Khergamvala on the Negotiable Instruments Act / (Record no. 77370)

MARC details
000 -LEADER
fixed length control field 00623nam a22002057a 4500
005 - DATE AND TIME OF LATEST TRANSACTION
control field 20130710173422.0
010 ## - LCCN (DPL NO)
LC control number ENG-107931
020 ## - INTERNATIONAL STANDARD BOOK NUMBER
Terms of availability 795.00
International Standard Book Number 9788180387630
035 ## - SYSTEM CONTROL NUMBER
System control number EN-91464
037 ## - SOURCE OF ACQUISITION
Source of stock number/acquisition DBAD/PUB
245 00 - TITLE STATEMENT
Title Khergamvala on the Negotiable Instruments Act /
Statement of responsibility, etc revised by B.M. Prasad [and] Manish Mohan
250 ## - EDITION STATEMENT
Edition statement 21th ed
260 ## - PUBLICATION, DISTRIBUTION, ETC. (IMPRINT)
Place of publication, distribution, etc Gurgaon
Name of publisher, distributor, etc Lexis Nexis
Date of publication, distribution, etc 2013
270 ## - ADDRESS
Address 14th Floor, Bldg. No.10, Tower-B, DLF Cyber City, Phase-II
City Gurgaon
Postal code 122002
300 ## - PHYSICAL DESCRIPTION
Extent lxxxvi, 668p.
Dimensions 24cm(pbk)
500 ## - GENERAL NOTE
General note Includes index
700 ## - ADDED ENTRY--PERSONAL NAME
Personal name B.M. Prasad
700 ## - ADDED ENTRY--PERSONAL NAME
Personal name Manish Mohan
942 ## - ADDED ENTRY ELEMENTS (KOHA)
Source of classification or shelving scheme Dewey Decimal Classification
Item type English Books
Call number suffix KHE
Holdings
Withdrawn status Lost status Not for loan Collection code Home library Current library Date acquired Source of acquisition Cost, normal purchase price Full call number Barcode Copy number Cost, replacement price Koha item type
    Not For Loan Non-fiction D.B.Act.Division D.B.Act.Division 10/07/2013 DBAD/PUB 795.00 KHE EN-91464 1 795.00 English Books

© Delhi Public Library
Hit Counter
free hit counter